000 00428nam a2200157Ia 4500
008 231031s2023 xx 000 0 und d
020 _a9781484289808
041 _aeng
082 _a005.133/HAL/STA
100 _aHall, Timothy, 1968-; Stacey, J-P; SpringerLink
245 _aPython 3 for absolute beginners
250 _a1st Ed.
260 _aNew York
_bApess
_c2023
300 _a295
650 _aComputer program language
999 _c919758
_d919758